000
00327nam a2200133Ia 4500
008
220216s9999 xx 000 0 und d
100
_a
Jacob J
245
0
_a
Rubbermarangalil kanduvarunna puthiya rogam
260
_b
Rubber
_c
2021
300
_a
17-19
650
_a
Leaf spot disease
650
_a
Rubber disease
942
_c
BS
999
_c
50247
_d
50247